1910 1382 1604 1460 1278 1353 1192 1036 1753 1576 1468 1473 1762 1395 1848 1012 1463 1684 1269 1586 1243 1158 1462 1457 1909 1038 1283 1238 1912 1334 1355 1518 1743 1886 1344 1559 1411 1024 1912 1088 1513 1197 1639 1841 1068 1311 1522 1242 1029 1277 1599 1963 1553 1883 1468 1284 1098 1777 1917 1289 1793 1408 1428 1580 1778 1833 1693 1386 1782 1711 1240 1230 1476 1076 1625 1378 1966 1732 1436 1852 1169 1591 1479 1108 1246 1509 1814 1825 1747 1683 1267 1788 1847 1625 1833 1497 1160 1864 1064 BCNSPRNW ULIB Ver.6.0+V

เปลี่ยนเป็นภาษาไทย

Change to English
 แสดงรายละเอียดบรรณานุกรม
  กลับหน้าหลัก

Brief Record : Get Marc (ISO 2709) : E-mail record : QR code < ปิดหน้าต่าง
LEADER : 00000nam 2200000uu 4500
001    13399126005
003     ULIB
008    180409s2013||||th 000 0 tha d
020    ^a9781408269930
050  4 ^aPE1116.N8^bW952E
100 1  ^aWright, Ros
245 10 ^aEnglish for nursing 1 :^bvocational English course book /^cRos Wright and Bethany cagnol ;with Maria Spada Symonds
260    ^aHarlow, Essex :^Pearson Education Limited,^c2013
300    ^a79 p. :^bill.+^e1 Compacdisc (4 3/4 in.)
650  4 ^aEnglish language^xConversation and phrase books (for nurse)
650  4 ^aCommunication in nursing
700 1  ^aCagnol, Bethany
700 1  ^aSymonds, Maria Spada,^eed.
856    ^a^zEnglish for nursing 1(10041435).pdf (สารบัญหนังสือ)^uhttp://61.19.69.198:80/ULIB//_fulltext/Content ::/13399126374/20150123123527_4682.pdf
945    ^p0^l0^i003422
999    ^aประนอม เกษจรัล
รายการนี้ยังไม่มีแท็ก
คุณยังไม่ได้ล็อกอิน คุณสามารถมีกิจกรรมร่วมกับเว็บไซต์ได้ แต่ต้องล็อกอินก่อน ::
  ล็อกอิน

รายการสื่อสารสนเทศ

ลำดับที่ ประเภท เลขเรียก/บาร์โค้ด สถานที่ สถานะ
1. วิทยาศาสตร์การแพทย์ และสุขภาพ
วิทยาศาสตร์การแพทย์ และสุขภาพ
สถานะ=หาย
PE1116.N8 W952E ฉ.1 
  Barcode: 003422
ห้องสมุดวิทยาเขตสวรรค์ประชารักษ์
►หนังสือทั่วไป
บนชั้น

รายการใกล้เคียง
    ผู้แต่ง [Wright, Ros]

    หัวเรื่อง [Communication in nursing]

BibComment


ยังไม่เคยถูกคอมเมนท์

คอมเมนท์ทรัพยากรรายการนี้
  คอมเมนท์: English for nurs..


 Copyright 2026. Bcnsprnw @Library